[Event "Nuremberg op"]
[Site "Nuremberg"]
[Date "2019.11.15"]
[Round "1"]
[White "Pilhoefer, Lukas"]
[Black "Raukamp, Benedikt"]
[Result "1-0"]
[WhiteElo "1797"]
[BlackElo "1221"]
[PlyCount "69"]
[EventDate "2019.11.15"]
[EventType "swiss"]
[EventRounds "5"]
[EventCountry "GER"]
[SourceTitle "CBM 193 Extra"]
[Source "ChessBase"]
[SourceDate "2020.01.31"]
[SourceVersion "1"]
[SourceVersionDate "2020.01.31"]
[SourceQuality "1"]

1. d4 e6 2. c4 Nf6 3. Nc3 Bb4 4. a3 Bxc3+ 5. bxc3 d5 6. e3 Ne4 7. Qc2 0-0 8. Nf3 Nd7 9. cxd5 exd5 10. Bd3 Ndf6 11. 0-0 Bg4 12. Ne5 Bh5 13. Rb1 Rb8 14. a4 Ng4 15. Nxg4 Bxg4 16. f3 f5 17. fxg4 fxg4 18. Ba3 Rxf1+ 19. Rxf1 Nf6 20. e4 dxe4 21. Bxe4 Qe8 22. Bd3 Qe3+ 23. Kh1 Re8 24. Bc1 Qe1 25. Bc4+ Kh8 26. Bd2 Qe4 27. Bd3 Qe6 28. c4 h5 29. d5 Qd6 30. Bc3 Qe7 31. Bf5 Ne4 32. Be6 Ng3+ 33. hxg3 h4 34. Qg6 hxg3 35. Qh5# 1-0

[Event "Oberpfalz-ch M2"]
[Site "Windischeschenbach"]
[Date "2017.04.08"]
[Round "2"]
[White "Pilhoefer, Lukas"]
[Black "Blanter, Sofya"]
[Result "1/2-1/2"]
[WhiteElo "1474"]
[BlackElo "1791"]
[PlyCount "101"]
[EventDate "2017.04.08"]
[EventType "swiss"]
[EventRounds "8"]
[EventCountry "GER"]
[SourceTitle "EXT 2020"]
[Source "ChessBase"]
[SourceDate "2019.10.17"]
[SourceVersion "1"]
[SourceVersionDate "2019.10.17"]
[SourceQuality "1"]

1. e4 c6 2. d4 d5 3. Nc3 dxe4 4. Nxe4 Bf5 5. Ng3 Bg6 6. Nf3 Nd7 7. Bc4 e6 8. 0-0 Ngf6 9. Re1 Be7 10. c3 0-0 11. Bg5 h6 12. Bf4 Nd5 13. Bd2 N7f6 14. Ne5 Bh7 15. Ng4 Qb6 16. Nxf6+ Nxf6 17. Qb3 Nd5 18. Bxd5 cxd5 19. Qxb6 axb6 20. f4 Bd6 21. a3 Rfc8 22. Rf1 b5 23. Rae1 Ra6 24. f5 Bf8 25. fxe6 fxe6 26. Rf3 Rac6 27. Nh5 Bg6 28. Nf4 Be4 29. Rfe3 e5 30. Ne2 exd4 31. Nxd4 Rg6 32. R3e2 Bc5 33. Be3 h5 34. Nc2 Bd6 35. Nd4 Bb8 36. Rd2 h4 37. Nxb5 Rf8 38. Ree2 h3 39. g3 Rf3 40. Bf2 Bf4 41. Nd4 Rd3 42. Rxd3 Bxd3 43. Re7 b6 44. Re6 Rxe6 45. Nxe6 Bc1 46. Bxb6 Bxb2 47. Bd4 Bxa3 48. Nxg7 Kf7 49. Nh5 Bd6 50. Nf4 Bxf4 51. gxf4 1/2-1/2